书目信息 |
| 题名: |
文言文译注
|
|
| 作者: | ;北京市工农教育研究室 译注 | |
| 分册: | ||
| 出版信息: | 北京 北京出版社 1981 |
|
| 页数: | 450页 | |
| 开本: | 19cm | |
| 丛书名: | ||
| 单 册: | ||
| 中图分类: | H194.1 , G633.3 | |
| 科图分类: | ||
| 主题词: | 文言文--自学参考资料 , 教育--各级 | |
| 电子资源: | ||
| ISBN: | ||
| 000 | 00711nam0 2200253 45 | |
| 001 | 0181005701 | |
| 005 | 20070730151730.00 | |
| 010 | @dCNY0.97 | |
| 091 | @a7071.604 | |
| 100 | @a19950124d1981 em y0chiy0121 ea | |
| 101 | 0 | @achi |
| 102 | @aCN@b110000 | |
| 105 | @ay z 000yy | |
| 200 | 10 | @a文言文译注@Awen yan wen yi zhu@f北京市工农教育研究室译注 |
| 210 | @a北京@c北京出版社@d1981 | |
| 215 | @a450页@d19cm | |
| 606 | @a文言文@x自学参考资料 | |
| 606 | 0 | @a教育@x各级 |
| 690 | @aH194.1@v3 | |
| 690 | @aG633.3 | |
| 711 | 02 | @a北京市工农教育研究室@Abei jing shi gong nong jiao yu yan jiu shi@4译注 |
| 801 | 0 | @aCN@b上海图书馆@c20070730 |
| 801 | 2 | @aCN@bNLC@c20060814 |
| 905 | @f1@b44174@dG633.3@e333 | |
| 文言文译注/北京市工农教育研究室译注.-北京:北京出版社,1981 |
| 450页;19cm |
| ISBN :CNY0.97 |
| ● |
| 相关链接 |
|
|
|
|
正题名:文言文译注
索取号:G633.3/333
 
预约/预借
| 序号 | 登录号 | 条形码 | 馆藏地/架位号 | 状态 | 备注 |
| 1 | 0044170 | 001516023 | 密集书库/ [索取号:G633.3/333] | 在馆 | |
| 2 | 0044171 | 002062715 | 第一样本阅览室/ [索取号:G633.3/333] | 在馆 | |
| 3 | 0044172 | 001784046 | 密集书库/ [索取号:G633.3/333] | 在馆 | |
| 4 | 0044174 | 000291473 | 密集书库/ [索取号:G633.3/333] | 在馆 | |
| 5 | 0044177 | 001517451 | 密集书库/ [索取号:G633.3/333] | 在馆 | |
| 6 | 0044178 | 001515587 | 密集书库/ [索取号:G633.3/333] | 在馆 | |
| 7 | 0459802 | 204598024 | 密集书库/ [索取号:G633.3/333] | 在馆 | |
| 8 | 0459803 | 204598033 | 密集书库/ [索取号:G633.3/333] | 在馆 | |
| 9 | 0459804 | 204598042 | 密集书库/ [索取号:G633.3/333] | 在馆 | |
| 10 | 0787019 | 207870197 | 密集书库/ [索取号:G633.3/333] | 在馆 |